00310 a2200109 4500001000700000020000600007040001100013100002600024240007300050245006800123362000900191171263 a  cMagnum aMelo, Jose Augusto de10a3º Integrado pre-universitario magnum agostiniano - matematicalpor10a3º Integrado pre-universitario magnum agostiniano - matematica0 a1899